|
|
|
|
| LEADER |
00000naa2a2200000 4500 |
| 001 |
529127 |
| 005 |
20241119103144.0 |
| 035 |
|
|
|a (RuTPU)RU\TPU\prd\214723
|
| 035 |
|
|
|a RU\TPU\prd\214706
|
| 090 |
|
|
|a 529127
|
| 100 |
|
|
|a 20140304a1997 k y0rusy50 ca
|
| 101 |
0 |
|
|a rus
|
| 102 |
|
|
|a RU
|
| 200 |
1 |
|
|a Квазирезонансные свойства периодически возмущенных однопараметрических логистически-подобных отображений
|f Е. В. Евдокимов [и др.]
|
| 320 |
|
|
|a Библиогр.: с. 2004 (12 назв.)
|
| 461 |
|
0 |
|0 (RuTPU)RU\TPU\prd\167
|t Журнал физической химии
|f Российская академия наук ; Отделение химии и наук о материалах РАН
|d 1931-
|
| 463 |
|
0 |
|0 (RuTPU)RU\TPU\prd\82472
|t Т. 71, вып. 11
|v С. 1999-2004
|d 1997
|
| 610 |
1 |
|
|a труды учёных ТПУ
|
| 701 |
|
1 |
|a Евдокимов
|b Е. В.
|
| 701 |
|
1 |
|a Евдокимов
|b К. Е.
|c физик
|c доцент Томского политехнического университета, кандидат физико-математических наук
|f 1976-
|g Кирилл Евгеньевич
|y Томск
|3 (RuTPU)RU\TPU\pers\31790
|9 15901
|
| 701 |
|
1 |
|a Крейдун
|b Ю. А.
|
| 701 |
|
1 |
|a Шаповалов
|b А. В.
|c математик
|c профессор Томского политехнического университета, доктор физико-математических наук
|f 1949-
|g Александр Васильевич
|3 (RuTPU)RU\TPU\pers\24404
|
| 801 |
|
1 |
|a RU
|b 63413507
|c 20140302
|
| 801 |
|
2 |
|a RU
|b 63413507
|c 20140304
|g RCR
|
| 942 |
|
|
|c BK
|